Catálogo de las lenguas de las naciones conocidas, y numeracion, division, y clases de estas segun la diversidad de sus idiomas y dialectos / (Record no. 155387)

MARC details
000 -LEADER
campo de control de longitud fija 01700nam a2200229 i 4500
001 - NÚMERO DE CONTROL
campo de control 155387
003 - IDENTIFICADOR DE NÚMERO DE CONTROL
campo de control ES-MaACL
005 - FECHA Y HORA DE LA ÚLTIMA TRANSACCIÓN
campo de control 20250830063107.0
008 - DATOS DE LONGITUD FIJA--INFORMACIÓN GENERAL
campo de control de longitud fija 931025m18001805sp |||| | spa d
040 ## - FUENTE DE CATALOGACIÓN
Centro catalogador/agencia de origen CYL
Lengua de catalogación spa
Centro/agencia transcriptor PAB
100 1# - ENTRADA PRINCIPAL--NOMBRE DE PERSONA
Nombre de persona Hervás, Lorenzo,
Fechas asociadas al nombre 1735-1809
9 (RLIN) 63423
245 10 - MENCIÓN DEL TÍTULO
Título Catálogo de las lenguas de las naciones conocidas, y numeracion, division, y clases de estas segun la diversidad de sus idiomas y dialectos /
Mención de responsabilidad, etc. su autor ... Lorenzo Hervás ...; volúmen I [-VI].
260 ## - PUBLICACIÓN, DISTRIBUCIÓN, ETC.
Lugar de publicación, distribución, etc. Madrid :
Nombre del editor, distribuidor, etc. se hallará en la librería de Ranz,
Fecha de publicación, distribución, etc. 1800-1805 (
Fabricante En la imprenta de la Administracion del Real Arbitrio de Beneficencia)
300 ## - DESCRIPCIÓN FÍSICA
Extensión 6 v. ;
Dimensiones 21 cm.
505 8# - NOTA DE CONTENIDO CON FORMATO
Nota de contenido con formato Contiene: T. I. Lenguas y naciones americanas (XVI, 396 p., [3] h. pleg.) -- t. II. Lenguas y naciones de las islas del los mares Pacífico e Indiano austral y oriental, y del continente de Asia (480 p., [2] h. pleg.) -- t. III. Lenguas y naciones europeas : Parte I, Naciones europeas advenedizas, y sus lenguas (359 p.) -- t. IV. Lenguas y naciones europeas : Parte II, Naciones europeas primitivas, sus lenguas matrices, y dialectos de éstos (343 p.) -- t. V. Lenguas y naciones europeas: naciones primitivas, sus lenguas matrices y dialectos de éstos (315 p.) -- t.VI. Lenguas y naciones europeas: naciones primitivas, sus lenguas matrices y dialectos de éstos (379 p., [3] h. pleg.)
530 ## - NOTA DISPONIBLE DE FORMULARIO FÍSICO ADICIONAL
Nota de formato físico adicional disponible Disponible en formato digital.
597 ## - NOTA DE DESCRIPCIÓN FÍSICA
NOTA DE DESCRIPCIÓN FÍSICA Apostillas marginales.
650 #4 - PUNTO DE ACCESO ADICIONAL DE MATERIA--TÉRMINO DE MATERIA
Término de materia o nombre geográfico como elemento de entrada Lenguas.
9 (RLIN) 14353
852 ## - LOCALIZACIÓN
Ubicación ES-MaACL
Número de control de estantería R-2747-52
Nota libre -- Enc. pasta
Encuadernación Olim:G-9595-600
856 ## - LOCALIZACIÓN Y ACCESO ELECTRÓNICOS
Identificador Uniforme de Recursos <a href="http://bdh-rd.bne.es/viewer.vm?id=0000049124&page=1 ">http://bdh-rd.bne.es/viewer.vm?id=0000049124&page=1 </a>
Nota pública Biblioteca Digital Hispánica
Holdings
Estatus retirado Estado de pérdida Estado de daño No para préstamo Colección Biblioteca de origen Biblioteca actual Ubicación en estantería Fecha de adquisición Total de préstamos Signatura topográfica completa Código de barras Visto por última vez Precio de reemplazo Tipo de ítem Koha
        Colección digital Biblioteca del Ateneo de Madrid Biblioteca del Ateneo de Madrid Depósito 17/01/2008   R-2747-52 1162540 23/02/2023 23/02/2023 Libro impreso antiguo